| 000 | 00625nam a2200181 u 4500 | ||
|---|---|---|---|
| 001 | 000020369 | ||
| 005 | 20200929170404.0 | ||
| 008 | 100813s2015 dr 000 0 spa d | ||
| 020 | _a9789945589931 | ||
| 040 |
_aDO-SdBNP _bspa _cBNPHU |
||
| 082 |
_axxxxxxxx _bxxxxxxxx |
||
| 100 | 1 |
_aCastillo Espino, Rosa, _d1985- _943031 |
|
| 245 | 1 | 0 |
_aEstudios de consumo cultural en latinoamérica : _baciertos y desafíos / _cRosa Castillo Espino. |
| 260 |
_aSanto Domingo : _bSantuario, _c2015. |
||
| 300 |
_a96 p. ; _c23 cm. |
||
| 500 | _aIncluye datos biográficos del autor en la contracubierta | ||
| 504 | _aBibliografías : p. 89-96 | ||
| 999 |
_c19873 _d19873 |
||